Welcome to WEB OPAC of MRSPTU Central Library

Mechanical Vibrations : Theory and Applications (Record no. 6670)

MARC details
000 -LEADER
fixed length control field 00483nam a2200181Ia 4500
008 - FIXED-LENGTH DATA ELEMENTS--GENERAL INFORMATION
fixed length control field 230711s9999||||xx |||||||||||||| ||und||
020 ## - INTERNATIONAL STANDARD BOOK NUMBER
International Standard Book Number 81-239-0846-6
041 ## - LANGUAGE CODE
Language code of text/sound track or separate title ENG
082 ## - DEWEY DECIMAL CLASSIFICATION NUMBER
Classification number 620.03
Item number TS-M
100 ## - MAIN ENTRY--PERSONAL NAME
Personal name TSE,Francis.S
245 #0 - TITLE STATEMENT
Title Mechanical Vibrations : Theory and Applications
250 ## - EDITION STATEMENT
Edition statement 2nd Ed.
260 ## - PUBLICATION, DISTRIBUTION, ETC.
Date of publication, distribution, etc. 2004
Place of publication, distribution, etc. New Delhi
Name of publisher, distributor, etc. CBS Publishers & Distributors Pvt.Ltd
300 ## - PHYSICAL DESCRIPTION
Extent 449p.
650 ## - SUBJECT ADDED ENTRY--TOPICAL TERM
Topical term or geographic name entry element Mechanical Engineering
700 ## - ADDED ENTRY--PERSONAL NAME
Personal name Morse,Ivan E
942 ## - ADDED ENTRY ELEMENTS (KOHA)
Koha item type Book
Holdings
Withdrawn status Lost status Damaged status Not for loan Collection Home library Current library Date acquired Source of acquisition Cost, normal purchase price Inventory number Total checkouts Full call number Barcode Date last seen Price effective from Koha item type
          MRSPTU Central Library MRSPTU Central Library 08/09/2043 Krishna Book Distributors 260.00 KBD/2017-2018/1019443059   620.03 TS-M 39658 08/17/2023 08/17/2023 Book
          MRSPTU Central Library MRSPTU Central Library           620.3 TS-M 770 08/17/2023 08/17/2023 Book
          MRSPTU Central Library MRSPTU Central Library           620.3 TS-M 9683 08/17/2023 08/17/2023 Book
          MRSPTU Central Library MRSPTU Central Library 08/09/2043 Krishna Book Distributors 260.00 KBD/2017-2018/1019443059   620.03 TS-M 39659 08/17/2023 08/17/2023 Book
          MRSPTU Central Library MRSPTU Central Library 08/09/2043 Krishna Book Distributors 260.00 KBD/2017-2018/1019443059   620.03 TS-M 39660 08/17/2023 08/17/2023 Book
          MRSPTU Central Library MRSPTU Central Library 08/09/2043 Krishna Book Distributors 260.00 KBD/2017-2018/1019443059   620.03 TS-M 39661 08/17/2023 08/17/2023 Book
          MRSPTU Central Library MRSPTU Central Library 08/09/2043 Krishna Book Distributors 260.00 KBD/2017-2018/1019443059   620.03 TS-M 39662 08/17/2023 08/17/2023 Book
          MRSPTU Central Library MRSPTU Central Library 08/09/2043 Krishna Book Distributors 260.00 KBD/2017-2018/1019443059   620.03 TS-M 39663 08/17/2023 08/17/2023 Book
          MRSPTU Central Library MRSPTU Central Library           620.3 TS-M PBB769 08/17/2023 08/17/2023 Book
          MRSPTU Central Library MRSPTU Central Library           620.3 TS-M PBB770 08/17/2023 08/17/2023 Book

Website Designed and Developed by MRSPTU Central Library Team

E-mail Id: librarian@mrsptu.ac.in